Statistics for Top 20 Vegetables Sold in the U.S.

Click here to take the quiz!

General Stats

  • This quiz has been taken 15,926 times
    (15,876 since last reset)
  • The average score is 11 of 19

Answer Stats

%Vegetable% Correct
60Carrot
96%
65Tomato
88%
68Potato
86%
53Lettuce
78%
66Onion
73%
33Green Onions
73%
51Broccoli
63%
49Cucumber
62%
45Corn
59%
53Bell Pepper
58%
39Green Bean
58%
33Cabbage
53%
33Cauliflower
47%
40Spinach
42%
46Celery
38%
41Garlic
37%
38Sweet Potato
33%
42Mushroom
25%
30Asparagus
22%

Score Distribution

Percentile by Number Answered

Percent of People with Each Score

Your Score History

You have not taken this quiz since the last reset